|
|
|
|
| LEADER |
00000cam a2200000 7i4500 |
| 001 |
0000111076 |
| 005 |
20150108.0 |
| 008 |
100526 bm |
| 020 |
|
|
|a 9789670330310
|
| 090 |
0 |
0 |
|a J 499.2386 SIR
|
| 245 |
0 |
0 |
|a Kemalangan Jalan Raya Yang Dashyat
|c Penyusun : Nurul Hasanah Mohamed Wazir
|
| 260 |
|
|
|a Kuala Lumpur :
|b Edumark Distributors ,
|c 2014
|
| 300 |
|
|
|a 40p. :
|b ill. ;
|c 26cm.
|
| 440 |
|
0 |
|a Renungan dan Iktibar Tragedi Selektif
|
| 650 |
0 |
0 |
|a Malay language
|x Readers
|x Juvenile literature
|
| 999 |
|
|
|a 0000296784
|b Buku
|c Koleksi Pinjaman Kanak-Kanak
|e Perbadanan Perpustakaan Awam Melaka
|
| 999 |
|
|
|a 0000296785
|b Buku
|c Koleksi Pinjaman Kanak-Kanak
|e Perpustakaan Cawangan Jasin
|
| 999 |
|
|
|a 0000296786
|b Buku
|c Koleksi Pinjaman Kanak-Kanak
|e Perpustakaan Cawangan Masjid Tanah
|
| 999 |
|
|
|a 0000296787
|b Buku
|c Koleksi Pinjaman Kanak-Kanak
|e Perpustakaan Cawangan Merlimau
|
| 999 |
|
|
|a 0000296788
|b Buku
|c Koleksi Pinjaman Kanak-Kanak
|e Perbadanan Perpustakaan Awam Melaka
|